MARC details
| 000 -LEADER |
| fixed length control field |
01495cam a22003734a 4500 |
| 001 - CONTROL NUMBER |
| control field |
14283347 |
| 003 - CONTROL NUMBER IDENTIFIER |
| control field |
GZU |
| 005 - DATE AND TIME OF LATEST TRANSACTION |
| control field |
20201117160143.0 |
| 008 - FIXED-LENGTH DATA ELEMENTS--GENERAL INFORMATION |
| fixed length control field |
060302s2007 mau b 000 0 eng |
| 010 ## - LIBRARY OF CONGRESS CONTROL NUMBER |
| LC control number |
2006007481 |
| 020 ## - INTERNATIONAL STANDARD BOOK NUMBER |
| International Standard Book Number |
1405129514 (hardback : alk. paper) |
| 020 ## - INTERNATIONAL STANDARD BOOK NUMBER |
| International Standard Book Number |
9781405129510 (hardback : alk. paper) |
| 020 ## - INTERNATIONAL STANDARD BOOK NUMBER |
| International Standard Book Number |
1405129522 (pbk. : alk. paper) |
| 020 ## - INTERNATIONAL STANDARD BOOK NUMBER |
| International Standard Book Number |
9781405129527 (pbk. : alk. paper) |
| 035 ## - SYSTEM CONTROL NUMBER |
| System control number |
(OCoLC)ocm64624856 |
| 035 ## - SYSTEM CONTROL NUMBER |
| System control number |
(OCoLC)64624856 |
| 040 ## - CATALOGING SOURCE |
| Original cataloging agency |
DLC |
| Transcribing agency |
DLC |
| Modifying agency |
DLC |
| 042 ## - AUTHENTICATION CODE |
| Authentication code |
pcc |
| 050 00 - LIBRARY OF CONGRESS CALL NUMBER |
| Classification number |
BJ1012 |
| Item number |
.FOU 2007 |
| 245 00 - TITLE STATEMENT |
| Title |
Foundations of ethics : |
| Remainder of title |
an anthology / |
| Statement of responsibility, etc. |
edited by Russ Shafer-Landau and Terence Cuneo. |
| 260 ## - PUBLICATION, DISTRIBUTION, ETC. |
| Place of publication, distribution, etc. |
Malden, MA : |
| Name of publisher, distributor, etc. |
Blackwell Pub., |
| Date of publication, distribution, etc. |
2007. |
| 300 ## - PHYSICAL DESCRIPTION |
| Extent |
xi, 504 p. ; |
| Dimensions |
25 cm. |
| 490 0# - SERIES STATEMENT |
| Series statement |
Blackwell philosophy anthologies ; |
| Volume/sequential designation |
26 |
| 504 ## - BIBLIOGRAPHY, ETC. NOTE |
| Bibliography, etc. note |
Includes bibliographical references. |
| 650 #0 - SUBJECT ADDED ENTRY--TOPICAL TERM |
| Topical term or geographic name entry element |
Ethics. |
| 700 1# - ADDED ENTRY--PERSONAL NAME |
| Personal name |
Shafer-Landau, Russ. |
| Relator term |
editor |
| 700 1# - ADDED ENTRY--PERSONAL NAME |
| Personal name |
Cuneo, Terence, |
| Dates associated with a name |
1969- |
| Relator term |
editor |
| 856 41 - ELECTRONIC LOCATION AND ACCESS |
| Materials specified |
Table of contents only |
| Uniform Resource Identifier |
<a href="http://www.loc.gov/catdir/toc/ecip0610/2006007481.html">http://www.loc.gov/catdir/toc/ecip0610/2006007481.html</a> |
| 856 42 - ELECTRONIC LOCATION AND ACCESS |
| Materials specified |
Contributor biographical information |
| Uniform Resource Identifier |
<a href="http://www.loc.gov/catdir/enhancements/fy0802/2006007481-b.html">http://www.loc.gov/catdir/enhancements/fy0802/2006007481-b.html</a> |
| 856 42 - ELECTRONIC LOCATION AND ACCESS |
| Materials specified |
Publisher description |
| Uniform Resource Identifier |
<a href="http://www.loc.gov/catdir/enhancements/fy0802/2006007481-d.html">http://www.loc.gov/catdir/enhancements/fy0802/2006007481-d.html</a> |
| 906 ## - LOCAL DATA ELEMENT F, LDF (RLIN) |
| a |
7 |
| b |
cbc |
| c |
orignew |
| d |
1 |
| e |
ecip |
| f |
20 |
| g |
y-gencatlg |
| 942 ## - ADDED ENTRY ELEMENTS (KOHA) |
| Source of classification or shelving scheme |
Library of Congress Classification |
| Koha item type |
Books |
| Classification part |
1012 |
| Item part |
FOU |
| Call number prefix |
BJ |